000 00753nam a2200241 i 4500
001 bgj
100 1 _aKOMOROWSKA, Hanna.
245 1 0 _aSukces i niepowodzenie w nauce języka obcego /
_cHanna Komorowska.
250 _aWyd. 2 popr. i uzup.
260 _aWarszawa :
_bWydawnictwa Szkolne i Pedagogiczne,
_c1997.
300 _a226, [1] pp ;
_c21 cm.
490 1 _aBiblioteka Nauczycieli Języków Obcych
500 _a1st published 1978.
504 _aBibliography.
650 9 _aLanguage and languages
_xStudy and teaching
830 _aBiblioteka Nauczycieli Języków Obcych
020 _a830203441X (pbk)
040 _cBPK
041 0 _apol
920 _a83-02-03441-X (pbk)
942 _cKS
008 s pl f |000 0 pol
999 _c47291
_d47291
856 _uhttp://koha.tu.koszalin.pl/cgi-bin/koha/opac-detail.pl?biblionumber=47291
_yKatalog online BPK